Every Teammate of Ja Morant Quiz - Statistics

General Stats
  • This quiz has been taken 37 times
    2 since last reset
  • The average score is 49 of 93
Answer Stats
GP Answer % Correct
309 Brandon Clarke
100%
3 Danny Green
100%
24 Derrick Rose
100%
313 Desmond Bane
100%
245 Dillon Brooks
100%
132 G.G. Jackson II
100%
394 Jaren Jackson Jr.
100%
37 Jarrett Culver
100%
337 John Konchar
100%
132 Jonas Valanciunas
100%
22 Josh Jackson
100%
209 Kyle Anderson
100%
39 Marcus Smart
100%
278 Santi Aldama
100%
110 Scotty Pippen Jr.
100%
118 Steven Adams
100%
288 Tyus Jones
100%
128 Vince Williams Jr.
100%
77 Zach Edey
100%
150 Ziaire Williams
100%
8 Adama Bal
50%
13 Anthony Tolliver
50%
30 Bismack Biyombo
50%
22 Bruno Caboclo
50%
97 Cam Spencer
50%
62 Cedric Coward
50%
2 Charles Bassey
50%
11 Christian Koloko
50%
10 Colin Castleton
50%
6 Dakota Mathias
50%
6 Dariq Whitehead
50%
118 David Roddy
50%
185 De'Anthony Melton
50%
2 Dusty Hannahs
50%
39 Gorgui Dieng
50%
88 Grayson Allen
50%
4 Jack White
50%
45 Jae Crowder
50%
31 Jahmai Mashack
50%
117 Jake LaRavia
50%
4 Jarrod Uthoff
50%
41 Javon Small
50%
64 Jay Huff
50%
148 Jaylen Wells
50%
45 Jock Landale
50%
11 Jontay Porter
50%
3 Jon Teske
50%
2 Jordan Bell
50%
26 Justise Winslow
50%
36 Kennedy Chandler
50%
39 Kenneth Lofton Jr.
50%
51 Kentavious Caldwell-Pope
50%
54 Killian Tillie
50%
36 Lamar Stevens
50%
7 Lucas Williamson
50%
128 Luke Kennard
50%
44 Marko Guduric
50%
12 Marvin Bagley III
50%
53 Olivier-Maxence Prosper
50%
7 P.J. Hall
50%
16 Rayan Rupert
50%
6 Sam Merrill
50%
18 Sean McDermott
50%
2 Shaq Buchanan
50%
48 Solomon Hill
50%
10 Taj Gibson
50%
26 Taylor Hendricks
50%
5 Tim Frazier
50%
5 Timmy Allen
50%
6 Tony Okani
50%
2 Tyrell Terry
50%
24 Walter Clayton
50%
2 Xavier Sneed
50%
207 Xavier Tillman Sr.
50%
22 Yuki Kawamura
50%
23 Yuta Watanabe
50%
12 Yves Pons
50%
3 Zyon Pullin
50%
3 DaQuan Jeffries
0%
20 DeJon Jarreau
0%
38 Jacob Gilyard
0%
9 Jaylen Nowell
0%
17 Jordan Goodwin
0%
2 Lawson Lovering
0%
7 Maozinha Pereira
0%
8 Matthew Hurt
0%
3 Shaquille Harrison
0%
4 Tosan Evbuomwan
0%
23 Trey Jemison
0%
15 Ty Jerome
0%
12 Tyler Burton
0%
5 Wenyen Gabriel
0%
7 Zavier Simpson
0%
No matching quizzes found
Score Distribution
Percent of People with Each Score
Percentile by Number Answered
Your Score History
You have not taken this quiz since the last reset